Countries Based on First Two Letters - Statistics

General Stats
  • This quiz has been taken 85 times
  • The average score is 16 of 18
Answer Stats
First Two Letters Country % Correct
FR France
97%
IT Italy
97%
AF Afghanistan
96%
CZ Czech Republic
95%
QA Qatar
95%
RU Russia
93%
SY Syria
93%
YE Yemen
93%
UZ Uzbekistan
92%
ZI Zimbabwe
92%
UG Uganda
91%
AZ Azerbaijan
87%
VI Vietnam
87%
EA/TI East Timor
86%
KI Kiribati
86%
SR Sri Lanka
86%
PH Philippines
84%
MI Micronesia
51%
No matching quizzes found
Score Distribution
Percent of People with Each Score
Percentile by Number Answered
Your Score History
You have not taken this quiz